<?xml version="1.0" encoding="UTF-8"?>
<record
    xmlns:xsi="http://www.w3.org/2001/XMLSchema-instance"
    xsi:schemaLocation="http://www.loc.gov/MARC21/slim http://www.loc.gov/standards/marcxml/schema/MARC21slim.xsd"
    xmlns="http://www.loc.gov/MARC21/slim">

  <leader>00661nam a22002057a 4500</leader>
  <controlfield tag="003">OSt</controlfield>
  <controlfield tag="005">20240206163819.0</controlfield>
  <controlfield tag="008">190322b        xxu||||| |||| 00| 0 eng d</controlfield>
  <datafield tag="020" ind1=" " ind2=" ">
    <subfield code="a">9788189747992</subfield>
  </datafield>
  <datafield tag="040" ind1=" " ind2=" ">
    <subfield code="c">IIMT UNIVERSITY,MEERUT</subfield>
    <subfield code="d">SEROSOFT</subfield>
  </datafield>
  <datafield tag="100" ind1=" " ind2=" ">
    <subfield code="a">PAUL, S D</subfield>
  </datafield>
  <datafield tag="245" ind1=" " ind2=" ">
    <subfield code="a">ADVANCED PHARMACEUTICAL FORMULATIONS</subfield>
    <subfield code="c">AUTHOR</subfield>
    <subfield code="h">ENGLISH</subfield>
  </datafield>
  <datafield tag="250" ind1=" " ind2=" ">
    <subfield code="a">1ST ED.</subfield>
  </datafield>
  <datafield tag="260" ind1=" " ind2=" ">
    <subfield code="a">BIRLA, DELHI</subfield>
    <subfield code="b">BIRLA</subfield>
    <subfield code="c">2015</subfield>
  </datafield>
  <datafield tag="300" ind1=" " ind2=" ">
    <subfield code="a">PAPERBACK</subfield>
    <subfield code="b">424 PP.</subfield>
  </datafield>
  <datafield tag="760" ind1=" " ind2=" ">
    <subfield code="b">1ST ED.</subfield>
  </datafield>
  <datafield tag="856" ind1=" " ind2=" ">
    <subfield code="3">PAPERBACK</subfield>
    <subfield code="u">ADVANCED PHARMACEUTICAL FORMULATIONS</subfield>
    <subfield code="z">ADVANCED PHARMACEUTICAL FORMULATIONS</subfield>
  </datafield>
  <datafield tag="887" ind1=" " ind2=" ">
    <subfield code="2">TITLE</subfield>
  </datafield>
  <datafield tag="942" ind1=" " ind2=" ">
    <subfield code="2">ddc</subfield>
    <subfield code="c">01</subfield>
    <subfield code="e">1ST ED.</subfield>
    <subfield code="h">TITLE</subfield>
    <subfield code="i">BOOK</subfield>
    <subfield code="k">615.252 PAU</subfield>
    <subfield code="m">615.252 PAU</subfield>
  </datafield>
  <datafield tag="999" ind1=" " ind2=" ">
    <subfield code="c">44839</subfield>
    <subfield code="d">44839</subfield>
  </datafield>
  <datafield tag="952" ind1=" " ind2=" ">
    <subfield code="0">0</subfield>
    <subfield code="1">0</subfield>
    <subfield code="2">ddc</subfield>
    <subfield code="4">0</subfield>
    <subfield code="7">0</subfield>
    <subfield code="a">27</subfield>
    <subfield code="b">27</subfield>
    <subfield code="d">2019-03-22</subfield>
    <subfield code="e">KIRTI PUBLICATION DELHI</subfield>
    <subfield code="f">6150252 PA</subfield>
    <subfield code="g">290.00</subfield>
    <subfield code="i">IN 2849 DATED 22/02/2019</subfield>
    <subfield code="l">1</subfield>
    <subfield code="o">6150252 PAU</subfield>
    <subfield code="p">27-B-422</subfield>
    <subfield code="r">2022-03-02</subfield>
    <subfield code="s">2021-09-06</subfield>
    <subfield code="t">R</subfield>
    <subfield code="u">ADVANCED PHARMACEUTICAL FORMULATIONS</subfield>
    <subfield code="v">290.00</subfield>
    <subfield code="w">2019-03-09</subfield>
    <subfield code="y">01</subfield>
    <subfield code="z">Reference Book (Rack-1)</subfield>
  </datafield>
  <datafield tag="952" ind1=" " ind2=" ">
    <subfield code="0">0</subfield>
    <subfield code="1">0</subfield>
    <subfield code="2">ddc</subfield>
    <subfield code="4">0</subfield>
    <subfield code="7">0</subfield>
    <subfield code="a">27</subfield>
    <subfield code="b">27</subfield>
    <subfield code="d">2019-03-22</subfield>
    <subfield code="e">KIRTI PUBLICATION DELHI</subfield>
    <subfield code="f">6150252 PA</subfield>
    <subfield code="g">290.00</subfield>
    <subfield code="i">IN 2849 DATED 22/02/2019</subfield>
    <subfield code="l">1</subfield>
    <subfield code="o">6150252 PAU</subfield>
    <subfield code="p">27-B-423</subfield>
    <subfield code="r">2019-09-18</subfield>
    <subfield code="s">2019-09-18</subfield>
    <subfield code="t">R</subfield>
    <subfield code="u">ADVANCED PHARMACEUTICAL FORMULATIONS</subfield>
    <subfield code="v">290.00</subfield>
    <subfield code="w">2019-03-09</subfield>
    <subfield code="y">01</subfield>
    <subfield code="z">ADVANCED PHARMACEUTICAL FORMULATIONS</subfield>
  </datafield>
  <datafield tag="952" ind1=" " ind2=" ">
    <subfield code="0">0</subfield>
    <subfield code="1">0</subfield>
    <subfield code="2">ddc</subfield>
    <subfield code="4">0</subfield>
    <subfield code="7">0</subfield>
    <subfield code="a">27</subfield>
    <subfield code="b">27</subfield>
    <subfield code="d">2019-03-22</subfield>
    <subfield code="e">KIRTI PUBLICATION DELHI</subfield>
    <subfield code="f">6150252 PA</subfield>
    <subfield code="g">290.00</subfield>
    <subfield code="i">IN 2849 DATED 22/02/2019</subfield>
    <subfield code="l">1</subfield>
    <subfield code="o">6150252 PAU</subfield>
    <subfield code="p">27-B-424</subfield>
    <subfield code="r">2021-07-24</subfield>
    <subfield code="s">2020-11-27</subfield>
    <subfield code="t">R</subfield>
    <subfield code="u">ADVANCED PHARMACEUTICAL FORMULATIONS</subfield>
    <subfield code="v">290.00</subfield>
    <subfield code="w">2019-03-09</subfield>
    <subfield code="y">01</subfield>
    <subfield code="z">ADVANCED PHARMACEUTICAL FORMULATIONS</subfield>
  </datafield>
</record>
